000 00462nab a2200145Ia 4500
003 ES-SlBCS
005 20210601141251.0
008 140529s1994 xxu||||| |||| 00| 0 spa d
041 _aspa
100 1 _aPagotti, Antonio Wilson
_9209027
245 0 0 _aObservando o processo de aprendizagem escolar
_c Antonio Wilson Pagotti
650 0 4 _aAprendizaje Escolar
_9168505
773 0 _tEducaçao e Filosofia
_gvol. 8, nº. 15, 1994, págs. 89-97
_wRev1534
942 _cAR
999 _c657950
_d657950